[Event "Asia-ch U20"]
[Site "New Delhi"]
[Date "2006.11.09"]
[Round "3.4"]
[White "Swapnil, S Dhopade"]
[Black "Rohit, Sangma"]
[Result "1/2-1/2"]
[WhiteElo "2209"]
[BlackElo "2301"]
[PlyCount "50"]
[EventDate "2006.11.07"]
[EventType "swiss"]
[EventRounds "9"]
[EventCountry "IND"]
[SourceTitle "CBM 115 Extra"]
[Source "ChessBase"]
[SourceDate "2007.01.10"]
[SourceVersion "1"]
[SourceVersionDate "2007.01.10"]
[SourceQuality "1"]

1. d4 Nf6 2. c4 e6 3. Nf3 b6 4. a3 Bb7 5. Nc3 d5 6. Qc2 Be7 7. cxd5 Nxd5 8. e4 Nxc3 9. bxc3 0-0 10. Bd3 c5 11. 0-0 Ba6 12. Bxa6 Nxa6 13. Rd1 cxd4 14. cxd4 Qd7 15. d5 exd5 16. Rxd5 Qb7 17. Bb2 Rac8 18. Qe2 Rfe8 19. Rad1 Nc5 20. h3 Na4 21. Rd7 Qa8 22. Ba1 Nc3 23. Bxc3 Rxc3 24. Qd2 Rcc8 25. Qa2 Qc6 1/2-1/2